000 01083nam a22002537a 4500
005 20170124103200.0
010 _aA-475460
020 _c12.00
035 _aA-475460
037 _bCen Lib/Ret
040 _aDPL
_bHN
082 _a303.484092
_bगुप्तसु
100 _aगुप्त, सुखपाल
_9112170
245 _aसमाज-सुधारकों के प्रेरक प्रसंग /
_cसुखपाल गुप्त
246 _aSamaj sudharakon ke prerak prasag /
_bby Sukhapal Gupt
260 _bआर्य बुक डिपो
_aनयी दिल्ली
_c1991
270 _aकरोल बाग
_bनयी दिल्ली
_e110005
300 _a88पृ.
_c20सेमी(अजिल्द )
650 _aसमाज सुधारक--भारत
_x
_z
_991576
650 _aभाषण समाज सुधारक
_982048
650 _aSocial reformer - India
_991577
650 _aSpeech social reformer
_991578
942 _2ddc
_cHN
_h303.484092
_mगुप्तसु
999 _c120616
_d120616